000 00920cab a2200241 4500
001 ABS56604
008 090401t1997 xxu||||| |||| 00| 0 eng d
035 _a(Sirsi) u24802
041 _aeng
100 _aHolloway, D.
245 _aFurniture regulations in residential let property
260 _c1997
350 _a0
490 _aCSM (Chartered Surveyor Monthly)
_vFebruary 1997, 28-29(2)
520 _aExplains the "Furniture and Furnishings (Fire) (Safety) Regulations 1988". Advice on how to check if furniture meets the requirements and how to spot if a landlord is deliberately dodging the regulations.
650 _aFURNISHED ACCOMMODATION
650 _aFURNITURE AND FURNISHINGS FIRE SAFETY REGULATIONS 1988
650 _aLABELS
650 _aRENTED PROPERTY
690 _aPROPERTY-RESIDENTIAL PROPERTY-RESIDENTIAL LANDLORD AND TENANT-RESIDENTIAL TENANCIES
942 _n0
948 _c04/03/1997
999 _c16639
_d16639